000 01050nam2a2200241 4500
001 RU\NLR\BIBL_A\022210753
005 20240716130812.0
010 _a978-5-0062-2871-9
021 _aRU
_bКН-П-24-016870
_9КН-П-24-1768
035 _a(NLR Aleph) 022210753
090 _a13072641
_c13072641
100 _a20240502d2024 u y0rusy50 ca
101 0 _arus
_aeng
102 _aRU
105 _aa|||j|||000yy
200 0 _aPt. 1
210 _d2024
215 _a226 с.
_cил.
461 0 _1001RU\NLR\BIBL_A\022210751
_12001#$aEnglish grammar with Kudjo$eпонятная и забавная грамматика для детей и взрослых$fLarisa Lubimova$vPt. 1
_1700#1$aLubimova$bL.$gLarisa
_913072635
_aLubimova, L.
_c[Б. м.]
_d2024
_fLarisa Lubimova
_nИздательские решения
_oпонятная и забавная грамматика для детей и взрослых
_tEnglish grammar with Kudjo
_y9785006228726
_vPt. 1
942 _cBOOK
980 _aNB